Dessinateurs/scénaristes de Spirou et Fantasio - Statistiques

Statistiques générales
  • Ce quiz a été pris 9 fois
  • Le résultat moyen est 5 sur 9
Statistiques - réponses
Années Dessinateur/Scénariste % Correct
1946-1969 Franquin
88%
1969-1980 Fournier
63%
1940-1951 Jijé
63%
1982-2002 Tome & Janry
63%
1980-1983 Nic & Cauvin
50%
1938-1943 Rob-Vel
50%
2010-2017 Yoann & Vehlmann
50%
2004-2008 Morvan & Munuera
38%
2022- Guerrive, Abittan et Schwartz
13%
Aucun quiz correspondant
Distribution des résultats
% des personnes avec chaque résultat
Percentile par nombre de réponses
Votre historique - résultats
Vous n’avez pas pris ce quiz